000 00662nam a2200181Ia 4500
008 100920s9999 xx 000 0 und d
082 _b57687
_a28 व 891,461 थ 91
100 _aठाकूर धोंडिरामसिंह.
245 _aटिल्लू पिल्लू.
260 _bइंद्रायणी साहित्य प्रकाशन पुणे 30.
_c1991
300 _a57
_bसाधी
365 _b12
520 _aबा.वि.पद्य.
630 _aटिल्लू पिल्लू.
650 _aबा.वि.पद्य.
730 _aटिल्लू पिल्लू.
942 _cBOOK
999 _c701483
_d701480